000 00666nam a2200253Ia 4500
003 OSt
005 20220918214213.0
006 a|||||r|||| 00| 0
007 ta
008 220917b |||||||| |||| 00| 0 eng d
024 _a136,287
037 _cTextual
040 _aARTS
_cARTS
_beng
041 _2eng
_aeng
082 _aX:8K, L62
100 _aParkinson C Northcote
_922676
245 0 _aWatch your figures
260 _aDelhi
_bMacmillian
_c1976
300 _a153p.
_ccm.
650 _aECONOMICS
700 _a Rustomji M K
_9130217
942 _hX:8K, L62
_cTEXL
_2CC
999 _c259377
_d259377